00945nam a2200217 a 4500001000800000005001700008008004100025041000800066044000700074050002500081245008000106260006700186300005000253500019500303500004000498500001000538504004100548600005000589600006600639700002200705BRL_23720190320210640.0280613s1999----mx-a######---#000-0#spa-# aspa amx 4aN6559.V5b.Ch33 199910aChabela Villaseñorbperfil de una épocacJavier Treviño ... [et al.]. aMéxicobSecretaría de Hacienda y Crédito Públicoc1999 a1 v. (sin paginación)bil., dibujosc23 cm. aCatálogo de la exposición realizada en el Museo de la Secretaría de Hacienda y Crédito Público, Antiguo Palacio del Arzobispado (Ciudad de México), 17 junio - 26 septiembre, 1999 aEstado físico: Hojas desprendidas aAu306 aIncluye referencias bibliográficas14aVillaseñor, Isabeld1909-1953vExposiciones14aVillaseñor, Isabeld1909-1953xCrítica e interpretación1 aTreviño, Javier